[Event "EU-ch U18 18th"]
[Site "Herceg Novi"]
[Date "2008.09.24"]
[Round "9"]
[White "Nabaty, Tamir"]
[Black "Khojayan, Vardan"]
[Result "1-0"]
[WhiteElo "2431"]
[BlackElo "2286"]
[PlyCount "89"]
[EventDate "2008.09.15"]
[EventType "swiss"]
[EventRounds "9"]
[EventCountry "MNE"]
[SourceTitle "CBM 126 Extra"]
[Source "ChessBase"]
[SourceDate "2008.11.05"]
[SourceVersion "1"]
[SourceVersionDate "2008.11.05"]
[SourceQuality "1"]

1. e4 c5 2. Nf3 d6 3. d4 cxd4 4. Nxd4 Nf6 5. Nc3 a6 6. Bg5 e6 7. f4 Nbd7 8. Qf3 Qc7 9. 0-0-0 b5 10. e5 Bb7 11. Qh3 dxe5 12. Nxe6 fxe6 13. Qxe6+ Be7 14. Bxf6 gxf6 15. Bxb5 axb5 16. Nxb5 Qc6 17. Nd6+ Kd8 18. Nxb7+ Kc7 19. Qxe7 Rxa2 20. Rd3 Ra1+ 21. Kd2 Qxg2+ 22. Kc3 Qc6+ 23. Nc5 Qxc5+ 24. Qxc5+ Nxc5 25. Rxa1 Nxd3 26. Kxd3 Rd8+ 27. Kc3 e4 28. Ra7+ Kd6 29. Ra6+ Ke7 30. f5 Rd5 31. Re6+ Kf7 32. Rxe4 Rxf5 33. b4 Rf3+ 34. Kb2 f5 35. Rh4 Kg6 36. b5 Re3 37. b6 Re7 38. Rb4 Rb7 39. c4 f4 40. c5 f3 41. Kc3 Kf5 42. Rb2 Ke4 43. Kc4 Rg7 44. b7 f2 45. Re2+ 1-0

[Event "EU-ch U18 18th"]
[Site "Herceg Novi"]
[Date "2008.09.15"]
[Round "1"]
[White "Salgado Lopez, Ivan"]
[Black "Khojayan, Vardan"]
[Result "1-0"]
[WhiteElo "2532"]
[BlackElo "2286"]
[PlyCount "63"]
[EventDate "2008.09.15"]
[EventType "swiss"]
[EventRounds "9"]
[EventCountry "MNE"]
[SourceTitle "CBM 126 Extra"]
[Source "ChessBase"]
[SourceDate "2008.11.05"]
[SourceVersion "1"]
[SourceVersionDate "2008.11.05"]
[SourceQuality "1"]

1. e4 c5 2. Nf3 d6 3. d4 cxd4 4. Nxd4 Nf6 5. Nc3 a6 6. Be3 e5 7. Nb3 Be6 8. Qd2 Be7 9. 0-0-0 0-0 10. f4 b5 11. Kb1 Nbd7 12. f5 Bc4 13. g4 Bxf1 14. Rdxf1 Nb6 15. Bxb6 Qxb6 16. g5 b4 17. Ne2 Nxe4 18. Qd5 Qe3 19. f6 gxf6 20. gxf6 Nxf6 21. Qg2+ Kh8 22. Ng3 Rg8 23. Rf3 Qg5 24. Rhf1 Rac8 25. Qe2 Rg6 26. Nf5 Bf8 27. Qxa6 Rd8 28. Qb7 Rd7 29. Qc8 Rg8 30. Rg3 Bh6 31. Rxg5 Rxc8 32. Nxh6 1-0